000 00710nam a22002177a 4500
003 UA-OsUOA
001 68724
007 ta
008 20100514b un ||||| |||| 00| 0 ukr d
100 _aПрибиткова І.М.
090 _a330(477)
_bП75
942 _cSA
040 _aUA-OsUOA
_bukr
_cUA-OsUOA
_dUA-OsUOA
245 _aВплив світової фінансово-економічної кризи на зарубіжну трудову міграціюз України
300 _aС.148-156
955 _a0
041 _aukr
080 _a330(477)
773 0 _w68718
_tРегіональна економіка
_dЛьвів
_d2010
_g1
650 7 _a330 Економіка взагалі
_2UDC
999 _c354981
_d354981